000 00750nam a22002177a 4500
005 20251108173510.0
008 250721s1996 xx 000 0 ara d
082 1 4 _aط/928.11/لجن
100 1 _aيازجي، زهير مصطفى
_eمراجع
245 1 0 _aشعراء العصر الأموي : عمران بن حطان /
264 1 _aحلب :
_bدار القلم العربي،
_c1996.
300 _a16ص.
490 0 _aتاريخ شعراء العربية : شعراء العصر الأموي
_v6
650 1 7 _aالشعراء العرب
650 1 7 _aالعصر الأموي
650 1 7 _aالتراجم
653 _aعمران بن حطان
653 _aناشئون صغار (10-14 سنة )
942 _2ddc
_cBK
999 _c105367
_d105367